[Event "Tromsoe NNM Master"]
[Site "Tromsoe"]
[Date "2017.06.05"]
[Round "6"]
[White "Machlik, Jon"]
[Black "Berglund, Jan Sigmund"]
[Result "0-1"]
[WhiteElo "1973"]
[BlackElo "2043"]
[PlyCount "42"]
[EventDate "2017.06.02"]
[EventType "swiss"]
[EventRounds "6"]
[EventCountry "NOR"]
[SourceTitle "EXT 2024"]
[Source "ChessBase"]
[SourceDate "2023.10.10"]
[SourceVersion "1"]
[SourceVersionDate "2023.10.10"]
[SourceQuality "1"]

1. e4 e6 2. d4 d5 3. Nd2 dxe4 4. Nxe4 Nd7 5. c4 Ngf6 6. Nc3 Be7 7. Bf4 a6 8. Nf3 0-0 9. a3 b6 10. b4 Bb7 11. Bd3 Re8 12. 0-0 Nf8 13. Be3 Ng6 14. Ng5 b5 15. cxb5 Nd5 16. Nxd5 Bxg5 17. Nxc7 Bxe3 18. Nxe8 Qg5 19. d5 Bxd5 20. g3 Nf4 21. h4 Qxg3# 0-1

[Event "Tromsoe NNM Master"]
[Site "Tromsoe"]
[Date "2017.06.04"]
[Round "5"]
[White "Machlik, Jon"]
[Black "Meyer, Magnus Hals"]
[Result "1-0"]
[WhiteElo "1973"]
[BlackElo "1616"]
[PlyCount "51"]
[EventDate "2017.06.02"]
[EventType "swiss"]
[EventRounds "6"]
[EventCountry "NOR"]
[SourceTitle "EXT 2024"]
[Source "ChessBase"]
[SourceDate "2023.10.10"]
[SourceVersion "1"]
[SourceVersionDate "2023.10.10"]
[SourceQuality "1"]

1. e4 c5 2. Nf3 d6 3. d4 cxd4 4. Nxd4 Nf6 5. Nc3 g6 6. Be3 Bg7 7. f3 0-0 8. Qd2 Nc6 9. 0-0-0 d5 10. Kb1 Nxd4 11. Bxd4 dxe4 12. fxe4 Be6 13. Be2 Qa5 14. a3 Kh8 15. Qf4 Rfc8 16. g4 b5 17. g5 Nh5 18. Bxh5 Bxd4 19. Rxd4 Rxc3 20. Qe5+ Kg8 21. bxc3 Qxa3 22. c4 bxc4 23. Rhd1 Qb4+ 24. Kc1 Qb6 25. Be2 c3 26. Qb5 1-0

[Event "NOR-ch U20"]
[Site "Tromsoe"]
[Date "2016.07.14"]
[Round "7"]
[White "Tryggestad, Andreas Garberg"]
[Black "Machlik, Jon"]
[Result "1/2-1/2"]
[WhiteElo "2046"]
[BlackElo "1884"]
[PlyCount "112"]
[EventDate "2016.07.09"]
[EventType "swiss"]
[EventRounds "9"]
[EventCountry "NOR"]
[SourceTitle "EXT 2024"]
[Source "ChessBase"]
[SourceDate "2023.10.10"]
[SourceVersion "1"]
[SourceVersionDate "2023.10.10"]
[SourceQuality "1"]

1. e4 e5 2. Nf3 Nc6 3. Bb5 a6 4. Bxc6 dxc6 5. 0-0 Bd6 6. d4 exd4 7. Qxd4 f6 8. Be3 Be6 9. Nbd2 b6 10. Qc3 c5 11. Nc4 Ne7 12. Rad1 Nc8 13. Nxd6+ Nxd6 14. e5 fxe5 15. Qxe5 Qf6 16. Bf4 0-0-0 17. Rfe1 Bg4 18. Rd3 Rhe8 19. Qxf6 Rxe1+ 20. Nxe1 gxf6 21. f3 Be6 22. b3 c4 23. Re3 cxb3 24. axb3 Kd7 25. Nd3 c5 26. g4 c4 27. bxc4 Nxc4 28. Re1 a5 29. h4 a4 30. Nb4 Rc8 31. g5 fxg5 32. Bxg5 b5 33. f4 Na3 34. Re2 Bf5 35. Re7+ Kd6 36. Re5 Be6 37. Re2 Bf5 38. Re5 Bxc2 39. Nxc2 Nxc2 40. Rxb5 Nd4 41. Ra5 Rc4 42. Kf2 Ke6 43. Ke3 a3 44. Kd3 Rb4 45. Kc3 Nc6 46. Ra6 Kd5 47. Rxc6 Ra4 48. Kb3 a2 49. Bf6 a1Q 50. Bxa1 Rxa1 51. Rh6 Ke4 52. Rxh7 Kxf4 53. h5 Kg5 54. h6 Rh1 55. Ka2 Rxh6 56. Rxh6 Kxh6 1/2-1/2

[Event "NOR-ch U20"]
[Site "Tromsoe"]
[Date "2016.07.10"]
[Round "2"]
[White "Unhjem, Bjorn Robert Lovoll"]
[Black "Machlik, Jon"]
[Result "0-1"]
[WhiteElo "1570"]
[BlackElo "1884"]
[PlyCount "38"]
[EventDate "2016.07.09"]
[EventType "swiss"]
[EventRounds "9"]
[EventCountry "NOR"]
[SourceTitle "EXT 2024"]
[Source "ChessBase"]
[SourceDate "2023.10.10"]
[SourceVersion "1"]
[SourceVersionDate "2023.10.10"]
[SourceQuality "1"]

1. d4 f5 2. c4 Nf6 3. Nc3 g6 4. Nf3 Bg7 5. g3 0-0 6. Bg2 d6 7. 0-0 c6 8. Qc2 Qe8 9. e4 e5 10. dxe5 dxe5 11. Bg5 Na6 12. Bxf6 Rxf6 13. Rad1 f4 14. Ne1 g5 15. Nd3 f3 16. Bxf3 Rxf3 17. Rd2 Nc7 18. Rfd1 Ne6 19. Ne2 g4 0-1

[Event "NOR-chT 1516"]
[Site "Norway"]
[Date "2016.03.05"]
[Round "8.2"]
[White "Mihajlov, Sebastian"]
[Black "Machlik, Jon"]
[Result "1-0"]
[WhiteElo "2335"]
[BlackElo "2027"]
[PlyCount "41"]
[EventDate "2015.10.30"]
[EventType "team-tourn"]
[EventRounds "9"]
[EventCountry "NOR"]
[SourceTitle "EXT 2017"]
[Source "ChessBase"]
[SourceDate "2016.10.25"]
[SourceVersion "1"]
[SourceVersionDate "2016.10.25"]
[SourceQuality "1"]
[WhiteTeam "OSS"]
[BlackTeam "Tromsoe"]
[WhiteTeamCountry "NOR"]
[BlackTeamCountry "NOR"]

1. d4 f5 2. e4 fxe4 3. Nc3 Nf6 4. Bg5 g6 5. h4 d5 6. f3 exf3 7. Qxf3 Bg7 8. Qg3 c6 9. 0-0-0 Bf5 10. h5 0-0 11. hxg6 hxg6 12. Bd3 e6 13. Nf3 Nbd7 14. Qh4 Qe8 15. Ne5 Nxe5 16. dxe5 Ng4 17. Be2 Nxe5 18. g4 b5 19. gxf5 exf5 20. Be7 Nc4 21. Bxc4 1-0

[Event "Politiken Cup 37th"]
[Site "Helsingor"]
[Date "2015.07.28"]
[Round "5"]
[White "Machlik, Jon"]
[Black "Roe, Simon J"]
[Result "1/2-1/2"]
[WhiteElo "1973"]
[BlackElo "2240"]
[PlyCount "49"]
[EventDate "2015.07.25"]
[EventType "swiss"]
[EventRounds "10"]
[EventCountry "DEN"]
[SourceTitle "CBM 167 Extra"]
[Source "ChessBase"]
[SourceDate "2015.09.14"]
[SourceVersion "1"]
[SourceVersionDate "2015.09.14"]
[SourceQuality "1"]

1. e4 c6 2. d4 d5 3. exd5 cxd5 4. c4 Nf6 5. Nc3 e6 6. Nf3 Nc6 7. Bf4 Be7 8. Bd3 dxc4 9. Bxc4 0-0 10. 0-0 a6 11. a3 b5 12. Ba2 Bb7 13. Re1 b4 14. axb4 Nxb4 15. Bb1 Rc8 16. Ng5 Nbd5 17. Be5 h6 18. Nge4 Nxe4 19. Nxe4 Nf6 20. Nc3 Bd6 21. Qd3 Bxe5 22. dxe5 Qxd3 23. Bxd3 Nd5 24. Nxd5 Bxd5 25. b4 1/2-1/2

[Event "Politiken Cup 37th"]
[Site "Helsingor"]
[Date "2015.07.27"]
[Round "4"]
[White "Eriksson, Kristian"]
[Black "Machlik, Jon"]
[Result "0-1"]
[WhiteElo "2164"]
[BlackElo "1973"]
[PlyCount "88"]
[EventDate "2015.07.25"]
[EventType "swiss"]
[EventRounds "10"]
[EventCountry "DEN"]
[SourceTitle "CBM 167 Extra"]
[Source "ChessBase"]
[SourceDate "2015.09.14"]
[SourceVersion "1"]
[SourceVersionDate "2015.09.14"]
[SourceQuality "1"]

1. e4 e5 2. Nf3 Nc6 3. d4 exd4 4. Nxd4 Nf6 5. Nxc6 bxc6 6. e5 Qe7 7. Qe2 Nd5 8. c4 Ba6 9. Nd2 g6 10. Ne4 Qb4+ 11. Kd1 Bg7 12. f4 Nb6 13. b3 d5 14. Qd2 Qe7 15. Nf6+ Bxf6 16. exf6 Qe6 17. cxd5 Qg4+ 18. Be2 Qxe2+ 19. Qxe2+ Bxe2+ 20. Kxe2 Nxd5 21. Kf3 Kd7 22. Bb2 a5 23. Be5 Rhb8 24. Rab1 a4 25. bxa4 Rxb1 26. Rxb1 Rxa4 27. Rb2 c5 28. Rc2 Kc6 29. h4 Ra3+ 30. Kf2 Nb4 31. Rd2 c4 32. Rd8 c3 33. Bxc3 Rxc3 34. Rf8 Nd3+ 35. Ke3 Nc5+ 36. Kf2 Kd6 37. Rxf7 Ke6 38. Rxh7 Kxf6 39. h5 gxh5 40. Rxh5 Ne4+ 41. Kg1 Ng3 42. Ra5 Rc2 43. Kh2 Ne2 44. Ra4 Kf5 0-1

[Event "NOR-ch U20"]
[Site "Oslo"]
[Date "2015.07.08"]
[Round "6"]
[White "Sajjadi, Kimiya"]
[Black "Machlik, Jon"]
[Result "1/2-1/2"]
[WhiteElo "1730"]
[BlackElo "1929"]
[PlyCount "33"]
[EventDate "2015.07.04"]
[EventType "swiss"]
[EventRounds "9"]
[EventCountry "NOR"]
[SourceTitle "EXT 2017"]
[Source "ChessBase"]
[SourceDate "2016.10.25"]
[SourceVersion "1"]
[SourceVersionDate "2016.10.25"]
[SourceQuality "1"]

1. d4 f5 2. c4 g6 3. Nc3 Nf6 4. h4 Bg7 5. h5 0-0 6. hxg6 hxg6 7. Bg5 d6 8. Bxf6 Bxf6 9. Qd2 e6 10. Qh6 Kf7 11. Nh3 Nc6 12. f4 Rg8 13. 0-0-0 Bd7 14. Qh7+ Rg7 15. Qh6 Rg8 16. Qh7+ Rg7 17. Qh6 1/2-1/2

[Event "NOR-ch U20"]
[Site "Oslo"]
[Date "2015.07.04"]
[Round "9"]
[White "Nordquelle, Daniel"]
[Black "Machlik, Jon"]
[Result "0-1"]
[WhiteElo "1870"]
[BlackElo "1929"]
[PlyCount "94"]
[EventDate "2015.07.04"]
[EventType "swiss"]
[EventRounds "9"]
[EventCountry "NOR"]
[SourceTitle "EXT 2017"]
[Source "ChessBase"]
[SourceDate "2016.10.25"]
[SourceVersion "1"]
[SourceVersionDate "2016.10.25"]
[SourceQuality "1"]

1. e4 e5 2. Nf3 Nc6 3. Bc4 Bc5 4. c3 Nf6 5. b4 Bb6 6. d3 d6 7. Bg5 h6 8. Bh4 Be6 9. Nbd2 Qd7 10. a4 a5 11. b5 Ne7 12. Qe2 Ng6 13. Bg3 Nh5 14. 0-0 Ngf4 15. Qd1 0-0 16. Kh1 Kh8 17. Qc2 f5 18. Rad1 Ne2 19. Nh4 Rf6 20. Bxe6 Qxe6 21. Nxf5 g6 22. Nh4 Raf8 23. Nhf3 Qg4 24. Rde1 Nef4 25. Nh4 Nxg2 26. Qd1 Qxd1 27. Rxd1 Nxh4 28. Bxh4 g5 29. Bg3 Bxf2 30. Bxf2 Rxf2 31. Rxf2 Rxf2 32. Nc4 b6 33. Ne3 Nf4 34. d4 exd4 35. cxd4 Ra2 36. e5 Rxa4 37. Nf5 dxe5 38. dxe5 Re4 39. Nxh6 Kh7 40. Ng4 Kg6 41. Kg1 Kf5 42. Nf2 Rxe5 43. Rb1 a4 44. Nd1 Re1+ 45. Kf2 Re2+ 46. Kf3 g4+ 47. Kg3 Nh5+ 0-1

[Event "Fagernes Norsk op-B"]
[Site "Fagernes"]
[Date "2015.03.29"]
[Round "6"]
[White "Donchenko, Irina"]
[Black "Machlik, Jon"]
[Result "1-0"]
[WhiteElo "2058"]
[BlackElo "1947"]
[PlyCount "89"]
[EventDate "2015.03.29"]
[EventType "swiss"]
[EventRounds "9"]
[EventCountry "NOR"]
[SourceTitle "EXT 2016"]
[Source "ChessBase"]
[SourceDate "2015.10.08"]
[SourceVersion "1"]
[SourceVersionDate "2015.10.08"]
[SourceQuality "1"]

1. d4 f5 2. g3 g6 3. Bg2 Nf6 4. Nf3 Bg7 5. 0-0 0-0 6. b4 c6 7. Bb2 a5 8. a3 axb4 9. axb4 Rxa1 10. Bxa1 Na6 11. c4 Nxb4 12. Qb3 Na6 13. c5+ Nd5 14. Nc3 e6 15. Nxd5 exd5 16. Bb2 Nc7 17. Ra1 Re8 18. e3 d6 19. cxd6 Qxd6 20. Ba3 Qd8 21. Bc5 Ne6 22. Bb6 Qd6 23. Ra8 Bf8 24. Ra4 g5 25. Ne5 g4 26. Qc2 Ng5 27. Nd3 Qh6 28. Nf4 Bd6 29. Qd1 Qf8 30. Nd3 Be6 31. Ra7 Rb8 32. Bc5 b6 33. Bxd6 Qxd6 34. h4 Ne4 35. Bxe4 dxe4 36. Nf4 Bc4 37. Qa1 b5 38. d5 Qh6 39. dxc6 Rc8 40. Qe5 Qf8 41. Ne6 Bxe6 42. Qxe6+ Kh8 43. Rf7 Qd8 44. Qe5+ Kg8 45. Qg7# 1-0

[Event "Fagernes Norsk op-B"]
[Site "Fagernes"]
[Date "2015.03.29"]
[Round "1"]
[White "Machlik, Jon"]
[Black "Merkesvik, Amalie Isabel"]
[Result "1-0"]
[WhiteElo "1947"]
[BlackElo "1462"]
[PlyCount "41"]
[EventDate "2015.03.29"]
[EventType "swiss"]
[EventRounds "9"]
[EventCountry "NOR"]
[SourceTitle "EXT 2016"]
[Source "ChessBase"]
[SourceDate "2015.10.08"]
[SourceVersion "1"]
[SourceVersionDate "2015.10.08"]
[SourceQuality "1"]

1. e4 e5 2. Nf3 Nc6 3. Bc4 Bc5 4. b4 Bxb4 5. c3 Ba5 6. d4 exd4 7. Qb3 Qf6 8. 0-0 Nge7 9. cxd4 0-0 10. Bg5 Qg6 11. Bxe7 Nxe7 12. Qa3 Nc6 13. d5 Bb6 14. dxc6 dxc6 15. Nc3 Bh3 16. Ne1 Rae8 17. Kh1 Be6 18. Be2 Bd4 19. Bd3 Qf6 20. Rc1 Bxf2 21. Nd1 1-0

[Event "Fagernes Norsk op-B"]
[Site "Fagernes"]
[Date "2015.03.29"]
[Round "4"]
[White "Mrachek, Svetlana"]
[Black "Machlik, Jon"]
[Result "1/2-1/2"]
[WhiteElo "1617"]
[BlackElo "1947"]
[PlyCount "95"]
[EventDate "2015.03.29"]
[EventType "swiss"]
[EventRounds "9"]
[EventCountry "NOR"]
[SourceTitle "EXT 2016"]
[Source "ChessBase"]
[SourceDate "2015.10.08"]
[SourceVersion "1"]
[SourceVersionDate "2015.10.08"]
[SourceQuality "1"]

1. d4 f5 2. c4 Nf6 3. Nf3 e6 4. Nc3 d5 5. Bg5 c6 6. e3 Bd6 7. Ne5 0-0 8. Be2 Nbd7 9. f4 Qe8 10. 0-0 Ne4 11. Nxe4 fxe4 12. Bh5 g6 13. Be2 Nxe5 14. fxe5 Be7 15. Bh6 Rxf1+ 16. Qxf1 g5 17. Qf2 Qg6 18. Rf1 Bd7 19. h4 gxh4 20. Qf4 b6 21. b3 c5 22. Kh2 Rd8 23. Rg1 cxd4 24. exd4 dxc4 25. bxc4 Bc6 26. Qe3 Kh8 27. g3 Rg8 28. Bf4 hxg3+ 29. Rxg3 Qf7 30. Rxg8+ Kxg8 31. Qg3+ Qg6 32. Qh3 Qf7 33. Qg3+ Kf8 34. Bh6+ Ke8 35. Be3 Kd8 36. Qh3 Bb4 37. Bg4 Bd7 38. Bh5 Qg7 39. Qh4+ Kc7 40. Qxe4 Be1 41. Bf3 Qg3+ 42. Kh1 Bf2 43. Qb7+ Kd8 44. Qb8+ Ke7 45. Qd6+ Ke8 46. Bh5+ Kd8 47. Qb8+ Ke7 48. Qd6+ 1/2-1/2

[Event "London Classic op 6th"]
[Site "London"]
[Date "2014.12.11"]
[Round "4"]
[White "Johansson, Toni"]
[Black "Machlik, Jon"]
[Result "1-0"]
[WhiteElo "2062"]
[BlackElo "1852"]
[PlyCount "73"]
[EventDate "2014.12.08"]
[EventType "swiss"]
[EventRounds "9"]
[EventCountry "ENG"]
[SourceTitle "CBM 163 Extra"]
[Source "ChessBase"]
[SourceDate "2014.12.23"]
[SourceVersion "1"]
[SourceVersionDate "2014.12.23"]
[SourceQuality "1"]

1. c4 c6 2. g3 d5 3. b3 Bf5 4. Bg2 e6 5. Nf3 h6 6. Bb2 Nd7 7. 0-0 Ngf6 8. d3 Bd6 9. Nbd2 Qc7 10. Re1 Bg4 11. cxd5 exd5 12. e4 0-0 13. Qc2 Rfe8 14. Nd4 Qb6 15. h3 Be6 16. Rac1 dxe4 17. dxe4 Bb4 18. Re2 Rad8 19. Nxe6 Rxe6 20. Nc4 Qc7 21. Kh2 Nh5 22. Bf3 Nf4 23. Re3 Bc5 24. Ree1 b5 25. e5 Bxf2 26. gxf4 Bxe1 27. Rxe1 bxc4 28. Qxc4 Nb6 29. Qc3 Nd5 30. Qc4 Qa5 31. Re2 Ree8 32. f5 Qb5 33. Qg4 h5 34. Qg3 Ne3 35. Qg5 Nd1 36. f6 g6 37. Qh6 1-0

[Event "London Classic op 6th"]
[Site "London"]
[Date "2014.12.09"]
[Round "2"]
[White "Cannon, Richard James"]
[Black "Machlik, Jon"]
[Result "0-1"]
[WhiteElo "2041"]
[BlackElo "1852"]
[PlyCount "78"]
[EventDate "2014.12.08"]
[EventType "swiss"]
[EventRounds "9"]
[EventCountry "ENG"]
[SourceTitle "CBM 163 Extra"]
[Source "ChessBase"]
[SourceDate "2014.12.23"]
[SourceVersion "1"]
[SourceVersionDate "2014.12.23"]
[SourceQuality "1"]

1. e4 e5 2. Nf3 Nc6 3. Bb5 a6 4. Ba4 Nf6 5. 0-0 b5 6. Bb3 Bb7 7. Qe2 Bc5 8. a4 b4 9. Ng5 0-0 10. Nxf7 Qe7 11. Nd6+ Kh8 12. Nxb7 Nd4 13. Qd1 Nxe4 14. Nxc5 Qxc5 15. Qe1 Nxf2 16. Rxf2 Rxf2 17. Qxf2 Rf8 18. Bf7 Qxc2 19. Nc3 bxc3 20. Bb3 Rxf2 21. Bxc2 Nxc2 22. Kxf2 cxd2 23. Bxd2 Nxa1 24. b4 Nb3 25. Be3 Kg8 26. Ke2 Kf7 27. Kd3 Ke6 28. Kc4 Nd4 29. b5 axb5+ 30. axb5 d6 31. g4 Kd7 32. h4 c6 33. b6 d5+ 34. Kd3 c5 35. Bg5 Kc6 36. Be7 Kxb6 37. h5 Ne6 38. g5 Nf4+ 39. Ke3 Nxh5 0-1

[Event "EU-ch U18 24th"]
[Site "Batumi"]
[Date "2014.10.26"]
[Round "7"]
[White "Machlik, Jon"]
[Black "Burcu, Cagatay"]
[Result "1/2-1/2"]
[WhiteElo "1894"]
[BlackElo "2198"]
[PlyCount "115"]
[EventDate "2014.10.19"]
[EventType "swiss"]
[EventRounds "9"]
[EventCountry "GEO"]
[SourceTitle "EXT 2015"]
[Source "ChessBase"]
[SourceDate "2014.11.20"]
[SourceVersion "1"]
[SourceVersionDate "2014.11.20"]
[SourceQuality "1"]

1. e4 Nf6 2. e5 Nd5 3. d4 d6 4. exd6 exd6 5. c4 Nb6 6. Nc3 Nc6 7. Be3 Be7 8. Bd3 0-0 9. Nge2 Bg4 10. 0-0 Re8 11. Qd2 Bf6 12. b3 Nb4 13. Rae1 Nxd3 14. Qxd3 a5 15. a4 Bh5 16. Nf4 Bg6 17. Nxg6 hxg6 18. Ne4 Be7 19. d5 Nd7 20. f4 f5 21. Nf2 Bf8 22. Bd4 Nc5 23. Qg3 Kf7 24. Bxc5 dxc5 25. Nd3 Qf6 26. Ne5+ Kg8 27. Nxg6 Qd4+ 28. Kh1 Bd6 29. Rxe8+ Rxe8 30. Re1 Re4 31. h3 Bxf4 32. Rxe4 Bxg3 33. Rxd4 cxd4 34. Ne7+ Kf7 35. Nxf5 Bf2 36. d6 cxd6 37. Nxd6+ Ke6 38. Ne4 Be3 39. Nc5+ Ke5 40. Nd3+ Ke4 41. Nc5+ Kf4 42. Nd3+ Kg3 43. b4 axb4 44. c5 b3 45. a5 Bf4 46. Kg1 Bc7 47. c6 bxc6 48. a6 Bb6 49. Kf1 c5 50. Nb2 Ba7 51. Nc4 d3 52. h4 g6 53. Ke1 Kxh4 54. Kd2 Kg3 55. Kxd3 Kxg2 56. Ke4 Kg3 57. Kd3 g5 58. Ne5 1/2-1/2

[Event "EU-ch U18 24th"]
[Site "Batumi"]
[Date "2014.10.22"]
[Round "4"]
[White "Nowicki, Bartosz"]
[Black "Machlik, Jon"]
[Result "0-1"]
[WhiteElo "2120"]
[BlackElo "1894"]
[PlyCount "55"]
[EventDate "2014.10.19"]
[EventType "swiss"]
[EventRounds "9"]
[EventCountry "GEO"]
[SourceTitle "EXT 2015"]
[Source "ChessBase"]
[SourceDate "2014.11.20"]
[SourceVersion "1"]
[SourceVersionDate "2014.11.20"]
[SourceQuality "1"]

1. d4 f5 2. g4 fxg4 3. h3 d6 4. hxg4 Bxg4 5. Qd3 Qd7 6. f3 Bf5 7. e4 Bg6 8. Bh3 Qa4 9. Nc3 Qc6 10. Qe3 Nd7 11. Be6 0-0-0 12. b4 Ngf6 13. Nge2 Kb8 14. b5 Qb6 15. a4 a5 16. bxa6 Qxa6 17. a5 c5 18. Ra4 cxd4 19. Nxd4 Ne5 20. f4 Be8 21. fxe5 dxe5 22. Bc4 exd4 23. Qg3+ Qd6 24. Bf4 e5 25. Bxe5 dxc3 26. Bxd6+ Bxd6 27. Qxg7 Nxe4 28. Rh6 0-1

[Event "Wch U18"]
[Site "Durban"]
[Date "2014.09.21"]
[Round "3"]
[White "Olund, Joar"]
[Black "Machlik, Jon"]
[Result "1-0"]
[WhiteElo "2280"]
[BlackElo "1859"]
[PlyCount "63"]
[EventDate "2014.09.20"]
[EventType "swiss"]
[EventRounds "11"]
[EventCountry "RSA"]
[SourceTitle "CBM 162 Extra"]
[Source "ChessBase"]
[SourceDate "2014.10.17"]
[SourceVersion "1"]
[SourceVersionDate "2014.10.17"]
[SourceQuality "1"]

1. Nf3 d5 2. d4 c6 3. c4 e6 4. Nc3 f5 5. Bf4 Nf6 6. e3 Bd6 7. Bxd6 Qxd6 8. c5 Qc7 9. Ne5 0-0 10. Be2 Nbd7 11. Nxd7 Bxd7 12. f4 b6 13. b4 bxc5 14. bxc5 Rab8 15. Qd2 Qa5 16. 0-0 Bc8 17. Rfd1 Qa3 18. Qc1 Qa5 19. Qd2 Qa3 20. Qd3 Ba6 21. Qxa6 Qxc3 22. Bd3 Ng4 23. Qxc6 Qb2 24. Rf1 Rbe8 25. Rae1 Qd2 26. Qa6 Nxe3 27. Re2 Nxf1 28. Rxd2 Nxd2 29. Qxa7 Ne4 30. a4 Ra8 31. Qd7 Rxa4 32. Qxa4 1-0

[Event "NOR-ch U20"]
[Site "Trondheim"]
[Date "2014.07.12"]
[Round "2"]
[White "Nordstrom, Hakon N"]
[Black "Machlik, Jon"]
[Result "1-0"]
[WhiteElo "1855"]
[BlackElo "1951"]
[PlyCount "85"]
[EventDate "2014.07.12"]
[EventType "swiss"]
[EventRounds "9"]
[EventCountry "NOR"]
[SourceTitle "EXT 2017"]
[Source "ChessBase"]
[SourceDate "2016.10.25"]
[SourceVersion "1"]
[SourceVersionDate "2016.10.25"]
[SourceQuality "1"]

1. e4 e5 2. Nf3 Nc6 3. d4 exd4 4. Bc4 Bc5 5. 0-0 d6 6. c3 Bg4 7. cxd4 Nxd4 8. Nbd2 Nf6 9. b4 Bb6 10. Bb2 0-0 11. h3 Nxf3+ 12. Nxf3 Be6 13. Bd3 Nh5 14. Nd4 Nf4 15. Nf5 Bxf5 16. exf5 Nxd3 17. Qxd3 Qg5 18. Kh2 Qf4+ 19. g3 Qxb4 20. Bc3 Qa3 21. f6 Ba5 22. fxg7 Rfe8 23. Rac1 c6 24. Rc2 d5 25. Rb1 Bxc3 26. Rxc3 Qxa2 27. Qf5 Re7 28. Rb4 Qd2 29. Rh4 h6 30. Re3 Re6 31. Rxe6 Qg5 32. Qxg5 hxg5 33. Rh8+ Kxg7 34. Rxa8 fxe6 35. Rxa7 c5 36. Rxb7+ Kf6 37. h4 gxh4 38. gxh4 c4 39. Kg3 e5 40. Rb6+ Kf7 41. Kf3 d4 42. Ke4 c3 43. Rc6 1-0

[Event "Oslo op"]
[Site "Oslo"]
[Date "2014.04.06"]
[Round "4"]
[White "Machlik, Jon"]
[Black "Haug, Johannes"]
[Result "1/2-1/2"]
[WhiteElo "1804"]
[BlackElo "2002"]
[PlyCount "69"]
[EventDate "2014.04.04"]
[EventType "swiss"]
[EventRounds "5"]
[EventCountry "NOR"]
[SourceTitle "EXT 2016"]
[Source "ChessBase"]
[SourceDate "2015.10.08"]
[SourceVersion "1"]
[SourceVersionDate "2015.10.08"]
[SourceQuality "1"]

1. e4 e6 2. d4 d5 3. Nd2 Be7 4. exd5 Qxd5 5. Ngf3 c5 6. Bc4 Qd8 7. dxc5 Bxc5 8. 0-0 Nf6 9. Nb3 Bd6 10. Qe2 0-0 11. Bg5 Nc6 12. Rad1 Qc7 13. Nbd4 a6 14. Nxc6 bxc6 15. Rd4 Nd5 16. Rfd1 Bb7 17. Rh4 e5 18. Bd2 f6 19. Bc3 a5 20. a3 g5 21. Rh5 Kg7 22. Nxg5 fxg5 23. Rxg5+ Kh8 24. Bxd5 cxd5 25. Rxe5 Rxf2 26. Re7+ Qxc3 27. Qxf2 Qxb2 28. Rxb7 Bxh2+ 29. Kxh2 Qxb7 30. Qd4+ Kg8 31. Qxd5+ Qxd5 32. Rxd5 Rc8 33. Rxa5 Kg7 34. Kg3 Rxc2 35. Ra6 1/2-1/2

[Event "Oslo op"]
[Site "Oslo"]
[Date "2014.04.05"]
[Round "2"]
[White "Machlik, Jon"]
[Black "Pettersen, Joar Gullestad"]
[Result "1-0"]
[WhiteElo "1804"]
[BlackElo "1981"]
[PlyCount "101"]
[EventDate "2014.04.04"]
[EventType "swiss"]
[EventRounds "5"]
[EventCountry "NOR"]
[SourceTitle "EXT 2016"]
[Source "ChessBase"]
[SourceDate "2015.10.08"]
[SourceVersion "1"]
[SourceVersionDate "2015.10.08"]
[SourceQuality "1"]

1. e4 e6 2. d4 d5 3. Nd2 dxe4 4. Nxe4 Bd7 5. Nf3 Bc6 6. Bd3 Nd7 7. 0-0 Ngf6 8. Nxf6+ Nxf6 9. c3 Nd7 10. Re1 Be7 11. b4 a6 12. Bf4 Bxf3 13. Qxf3 c6 14. a4 Nf6 15. b5 Qd5 16. Qe2 cxb5 17. axb5 a5 18. b6 0-0 19. Qb2 Qc6 20. c4 Bb4 21. Re3 Qxb6 22. Rh3 Bc5 23. Qxb6 Bxb6 24. Be5 Bd8 25. Bd6 Re8 26. c5 Be7 27. Bb5 Bxd6 28. Bxe8 Nxe8 29. cxd6 Nxd6 30. Kf1 g6 31. Rb3 Ra6 32. Ke2 Kf8 33. Kd3 b5 34. Rc3 Ra7 35. Rc6 Ke7 36. d5 Kd7 37. Rac1 a4 38. Kd4 b4 39. dxe6+ fxe6 40. Rb6 b3 41. Rb8 Ra5 42. Ra1 Rd5+ 43. Kc3 Rc5+ 44. Kd3 Rc2 45. Rxa4 Rxf2 46. Rxb3 h5 47. Ra7+ Kc6 48. Ra6+ Kc5 49. Rc3+ Kd5 50. Ra5+ Nb5 51. Rxb5+ 1-0

[Event "Oslo op"]
[Site "Oslo"]
[Date "2014.04.04"]
[Round "3"]
[White "Gonzalez, Francisco"]
[Black "Machlik, Jon"]
[Result "1-0"]
[WhiteElo "1845"]
[BlackElo "1804"]
[PlyCount "51"]
[EventDate "2014.04.04"]
[EventType "swiss"]
[EventRounds "5"]
[EventCountry "NOR"]
[SourceTitle "EXT 2016"]
[Source "ChessBase"]
[SourceDate "2015.10.08"]
[SourceVersion "1"]
[SourceVersionDate "2015.10.08"]
[SourceQuality "1"]

1. d4 c6 2. c4 d5 3. Nc3 Nf6 4. e3 Bf5 5. cxd5 cxd5 6. Qb3 Qd7 7. Nf3 Nc6 8. Ne5 Qc7 9. Bd2 Nxe5 10. dxe5 Nd7 11. Nxd5 Qxe5 12. Rc1 Kd8 13. Qxb7 Rb8 14. Qxa7 e6 15. Ba5+ Ke8 16. Nc7+ Ke7 17. Bc3 Qd6 18. Rd1 Qb6 19. Nb5 e5 20. Be2 f6 21. 0-0 Ke8 22. Qa4 Bc5 23. e4 Be6 24. Ba5 Qb7 25. Nc7+ Ke7 26. Nxe6 1-0

[Event "Oslo op"]
[Site "Oslo"]
[Date "2014.04.04"]
[Round "1"]
[White "Kvisla, Johannes Luangtep"]
[Black "Machlik, Jon"]
[Result "1-0"]
[WhiteElo "2220"]
[BlackElo "1804"]
[PlyCount "61"]
[EventDate "2014.04.04"]
[EventType "swiss"]
[EventRounds "5"]
[EventCountry "NOR"]
[SourceTitle "EXT 2016"]
[Source "ChessBase"]
[SourceDate "2015.10.08"]
[SourceVersion "1"]
[SourceVersionDate "2015.10.08"]
[SourceQuality "1"]

1. d4 c6 2. Nf3 d5 3. Bf4 Nf6 4. c4 a6 5. e3 b5 6. cxd5 cxd5 7. Bd3 Bg4 8. a4 b4 9. a5 Bxf3 10. gxf3 Nc6 11. Nd2 Nh5 12. Bg5 Qd7 13. Qa4 h6 14. Bh4 e6 15. Rc1 Ne7 16. Qxd7+ Kxd7 17. Ke2 Nc6 18. Nb3 Bd6 19. Bg3 Nxg3+ 20. hxg3 Rhc8 21. g4 Ke7 22. f4 Kf6 23. Rcg1 Bc7 24. g5+ hxg5 25. fxg5+ Ke7 26. Rh7 Rh8 27. Rxh8 Rxh8 28. Rc1 Kd6 29. Nc5 e5 30. Nb7+ Kd7 31. Bf5+ 1-0

[Event "Gibraltar Masters 12th"]
[Site "Caleta"]
[Date "2014.02.06"]
[Round "10"]
[White "Kristinsson, Magnus"]
[Black "Machlik, Jon"]
[Result "0-1"]
[WhiteElo "1741"]
[BlackElo "1891"]
[PlyCount "88"]
[EventDate "2014.01.28"]
[EventType "swiss"]
[EventRounds "10"]
[EventCountry "GGB"]
[SourceTitle "CBM 159"]
[Source "ChessBase"]
[SourceDate "2014.03.17"]
[SourceVersion "1"]
[SourceVersionDate "2014.03.17"]
[SourceQuality "1"]

1. e4 c6 2. d4 d5 3. Nc3 dxe4 4. Nxe4 Bf5 5. Ng3 Bg6 6. h4 h6 7. h5 Bh7 8. Nf3 Nd7 9. Bd3 Bxd3 10. Qxd3 e6 11. Bf4 Ngf6 12. 0-0 Be7 13. c4 0-0 14. Rfd1 Qa5 15. Bd2 Qc7 16. a3 Rfd8 17. Qe2 c5 18. Bc3 cxd4 19. Nxd4 Rac8 20. b3 a6 21. Bb2 Bd6 22. Nxe6 fxe6 23. Qxe6+ Kh8 24. Qxd6 Qa5 25. Rd5 Nc5 26. Qe7 Re8 27. Qf7 Rc7 28. Qg6 Re1+ 29. Rxe1 Qxe1+ 30. Kh2 Nxd5 31. cxd5 Qxf2 32. Qe8+ Kh7 33. Qg6+ Kg8 34. Nf5 Qf4+ 35. Kh1 Qg5 36. Qe8+ Kh7 37. d6 Rd7 38. Ne7 Qh4+ 39. Kg1 Qe1+ 40. Kh2 Qe6 41. Qf8 Qxd6+ 42. Kg1 Qxe7 43. Qf5+ Kg8 44. b4 Qe1+ 0-1